| 000 | 02498cam a22004934i 4500 | ||
|---|---|---|---|
| 003 | PE-LiUPU | ||
| 005 | 20250731173432.0 | ||
| 008 | 150706s1995 miu rb 000 0 spa d | ||
| 020 | _a9780825411649 | ||
| 035 | _a(Sirsi) i9780825411649 | ||
| 040 |
_aPE-LiUPU _bspa _cPE-LiUPU _erda |
||
| 049 | _aPRUA | ||
| 082 | 0 | 4 |
_a235.3 _bD71 _221 |
| 100 | 1 |
_aDickason, C. Fred, _eautor. |
|
| 245 | 1 | 4 |
_aLos ángeles escogidos y malignos / _cC. Fred Dickason. |
| 264 | 1 |
_aGrand Rapids, Michigan : _bPortavoz, _c1995. |
|
| 300 |
_a231 páginas ; _c22 centímetros |
||
| 336 |
_atext _2rdacontent |
||
| 337 |
_aunmediated _2rdamedia |
||
| 338 |
_avolume _2rdacarrier |
||
| 504 | _aIncluye bibliografía. | ||
| 505 | 0 | _aLos ángeles de Dios -- La existencia de los ángeles -- El origen de los ángeles -- La naturaleza de los ángeles -- La posición de los ángeles -- Nombres, clasificaciones y morada -- El ángel de Jehová -- Número, organización y rangos -- El ministerio de los ángeles -- Evolución y destino de los ángeles -- Nuestra relación con los ángeles -- Satanás y sus demonios -- La realidad y personalidad de Satanás -- Los nombres de Satanás -- Estado original y caída de Satanás -- El carácter y la posición actuales de Satanás -- El poder y las obras actuales de Satanás -- La existencia de los demonios -- Las consecuencias de los demonios -- Descripción de los demonios -- Los demonios y su cometido -- Posesión demoníaca -- Diversiones demoníacas: el ocultismo -- Derrota y destino de Satanás y sus demonios -- Las armas de los creyentes frente a Satanás y sus demonios. | |
| 526 | _aSEG42 | ||
| 526 | _aSEG41 | ||
| 526 | _aSEG40 | ||
| 526 | _aSEG39 | ||
| 526 | _aP94 | ||
| 526 | _aP87 | ||
| 526 | _aP86 | ||
| 526 | _aP85 | ||
| 526 | _aP77 | ||
| 526 | _aP76 | ||
| 526 | _aP35 | ||
| 541 | _g001-0000632; | ||
| 650 | 1 | 4 |
_aAngeles _xEnseñanza bíblica. |
| 650 | 2 | 4 | _aDiablo. |
| 700 | 1 |
_aCáceres González,David, _etr. |
|
| 910 |
_agl _clch _d20130812 |
||
| 942 |
_2ddc _cBOOK |
||
| 949 |
_a235.3 D71 _wDEWEY _c1 _i67921 _lCCODEBUL1 _mBUL _p12.00 _r0 _sY _tBOOK _u2015-7-6 _xTEOLOGIA _PP35 _o.STAFF. Colección General |
||
| 994 |
_aC0 _bPEPRU |
||
| 596 | _a1 | ||
| 999 |
_a235.3 D71 _wDEWEY _c55431 _i67921 _d55431 _e2019-7-22 _f2021-11-10 _g5 _lCCODEBUL1 _mBUL _n6 _p12.00 _q2 _r0 _sY _tBOOK _u2015-7-6 _xTEOLOGIA _PP35 _0COMPRA _o.STAFF. Colección Teología |
||
| 980 |
_81 _gALBERTO SANCHEZ Responsable de Automatización |
||